Gdańsk
| Titel: | Gdańsk : plan miasta : city plan : Stadtplan : plan de la ville |
|---|---|
| Ausgabe: | Wydanie 2018 |
| Maßstab: | 1:26 000 |
| Veröffentlicht: | [Katowice] : Wydawnictwo Piętka, 2018 |
| Umfang: | 1 Karte : farbig ; 67 x 95 cm, auf Blatt 68 x 96 cm, gefaltet 24 x 14 cm |
| Format: | Karte |
| Sprache: | Polnisch; Englisch; Deutsch |
| ISBN: | 9788373458994 ; 8373458999 |
alg: 49844331 001A $03004:19-08-22 001B $03004:27-10-22 $t14:23:40.000 001D $03004:19-08-22 001U $0utf8 001X $00 002@ $0Kau 002C $akartografisches Bild $bcri $2rdacontent 002D $aohne Hilfsmittel zu benutzen $bn $2rdamedia 002E $aBlatt $bnb $2rdacarrier 003@ $0498443310 003O $01341398914 $aOCoLC 004A $A978-83-7345-899-4 004A $083-7345-899-9 007A $0498443310 $aHEB 010@ $apol $aeng $ager 010E $erda 011@ $a2018 $n2018 013D $RKarte $#Ortsplan $#Stadtatlas $#Stadtpläne $74129845-7 $8Stadtplan [Ts1] $9085456683 021A $aGdańsk $dplan miasta : city plan : Stadtplan : plan de la ville 032@ $aWydanie 2018 033A $p[Katowice] $nWydawnictwo Piętka 034D $a1 Karte 034I $a67 x 95 cm, auf Blatt 68 x 96 cm, gefaltet 24 x 14 cm 034M $afarbig 035E $a1:26 000 037A $aNebenkarten: Gdańsk - centrum, 1:11 500, 24 x 16 cm; Gdańsk - Sobieszewo, 1:40 000, 21 x 25 cm 037A $aMit Illustrationen 037A $aMit Straßenverzeichnis 037H $Aacx $dE 018 25 35 $eE 018 48 30 $fN 054 26 50 $gN 054 16 26 044K $#Danzig $#Ville Libre de Danzig $#Dantzig $#Ville Libre de Dantzig $#Freistaat Danzig $#Gdańsk $#Freie Stadt Danzig $#Urząd Miejski w Gdańsku $#Gyddanzyc $#Gedanum $#Dantiscum $74011039-4 $8Danzig [Tg1] $9085022225 045F $a910.9438090512 $eDDC23BSB 045F/01 $a910 045F/03 $f090512 045F/03 $g438 046L $aText Polnisch, Legende Polnisch, Englisch und Deutsch lok: 49844331 24 exp: 49844331 24 1 #EPN 201B/01 $019-08-22 $t13:55:23.000 201C/01 $019-08-22 201U/01 $0utf8 203@/01 $01212684230 208@/01 $a19-08-22 $bz 209A/01 $aK 7 VIII D 37 $dd $f050 $hK 7 8 D 37 $x00 209C/01 $aK 2022.00194 K $h22 00194 K 220C/01 $awei 247C/01 $8358050-7Marburg, Bibliothek des Herder-Instituts Marburg $9102600961
| LEADER | 00000cem a2200000 c 4500 | ||
|---|---|---|---|
| 001 | 498443310 | ||
| 003 | DE-603 | ||
| 005 | 20221027142340.0 | ||
| 007 | a||||||| | ||
| 008 | 220819s2018 xx |||||| a || | ||pol c | ||
| 020 | |a 9788373458994 | ||
| 020 | |a 8373458999 | ||
| 034 | 0 | |a a |9 A:acx |d E 018 25 35 |e E 018 48 30 |f N 054 26 50 |g N 054 16 26 | |
| 035 | |a (DE-599)HEB498443310 | ||
| 035 | |a (OCoLC)1341398914 | ||
| 040 | |a DE-603 |b ger |c DE-603 |d DE-603 |e rda | ||
| 041 | |a pol |a eng |a ger | ||
| 082 | 0 | 4 | |8 1\u |a 910.9438090512 |q DE-101 |2 23/BSB |
| 085 | |8 1\u |b 910 | ||
| 085 | |8 1\u |z 1 |s 090512 | ||
| 085 | |8 1\u |z 2 |s 438 | ||
| 245 | 0 | 0 | |a Gdańsk |b plan miasta : city plan : Stadtplan : plan de la ville |
| 250 | |a Wydanie 2018 | ||
| 255 | |a 1:26 000 | ||
| 264 | 1 | |a [Katowice] |b Wydawnictwo Piętka |c 2018 | |
| 300 | |a 1 Karte |b farbig |c 67 x 95 cm, auf Blatt 68 x 96 cm, gefaltet 24 x 14 cm | ||
| 336 | |a kartografisches Bild |b cri |2 rdacontent | ||
| 337 | |a ohne Hilfsmittel zu benutzen |b n |2 rdamedia | ||
| 338 | |a Blatt |b nb |2 rdacarrier | ||
| 500 | |a Nebenkarten: Gdańsk - centrum, 1:11 500, 24 x 16 cm; Gdańsk - Sobieszewo, 1:40 000, 21 x 25 cm | ||
| 500 | |a Mit Illustrationen | ||
| 500 | |a Mit Straßenverzeichnis | ||
| 546 | |a Text Polnisch, Legende Polnisch, Englisch und Deutsch | ||
| 651 | 7 | |a Danzig |0 (DE-588)4011039-4 |0 (DE-603)085022225 |2 gnd | |
| 655 | 7 | |a Stadtplan |2 gnd-content |0 (DE-588)4129845-7 |0 (DE-603)085456683 | |
| 924 | 0 | |9 Mb 50 |a (DE-603)1212684230 |b DE-Mb50 |c HES |d d |g K 7 VIII D 37 | |


